00358nam a2200169Ia 4500003000900000008004100009040001300050040001300063041000800076100002300084245003300107250001200140260000900152300000800161490000600169700001300175IT-RoPAU120407s9999 xx 000 0 und d aIT-RoPAU cIT-RoPAU aita aNiccolò Tommaseo aCarteggio dal 1860 al 1874.  aFirenze c1943 c cm v1 aM. Ricci